[Event "SRB-chT"]
[Site "Valjevo"]
[Date "2018.09.05"]
[Round "6.1"]
[White "Levnajic, Pavle"]
[Black "Radovic, Janko"]
[Result "0-1"]
[WhiteElo "2256"]
[BlackElo "2412"]
[PlyCount "110"]
[EventDate "2018.08.31"]
[EventType "team-tourn"]
[EventRounds "11"]
[EventCountry "SRB"]
[SourceTitle "CBM 186 Extra"]
[Source "ChessBase"]
[SourceDate "2018.08.24"]
[SourceVersion "1"]
[SourceVersionDate "2018.08.24"]
[SourceQuality "1"]
[WhiteTeam "Krajisnik Krajina"]
[BlackTeam "Kraljevo Sloga Turist"]
[WhiteTeamCountry "SRB"]
[BlackTeamCountry "SRB"]

1. e4 c5 2. Nf3 d6 3. d4 cxd4 4. Nxd4 Nf6 5. Nc3 a6 6. a4 e5 7. Nb3 Be6 8. Be2 Be7 9. f4 exf4 10. Bxf4 Nc6 11. 0-0 0-0 12. Kh1 Rc8 13. Bf3 Ne5 14. Nd4 Qb6 15. Nd5 Nxd5 16. exd5 Bd7 17. Be4 g6 18. Bh6 Rfe8 19. Be3 Qxb2 20. Nf3 Qb4 21. Bd4 f5 22. c3 Qc4 23. Nd2 Qc7 24. Bc2 Bf8 25. Rb1 Ng4 26. Qf3 Bg7 27. Nb3 Bxa4 28. Bxg7 Qxg7 29. Qf4 Qe5 30. h3 Qxf4 31. Rxf4 Bxb3 32. Bxb3 Re4 33. Rxe4 Nf2+ 34. Kg1 Nxe4 35. c4 Nd2 36. Rb2 Nxc4 37. Bxc4 Rxc4 38. Rxb7 Rc5 39. Kf2 Rxd5 40. Ke3 a5 41. Kf4 h6 42. h4 Rd4+ 43. Kg3 a4 44. Ra7 Kh8 45. Rd7 Kg8 46. Ra7 Rg4+ 47. Kh3 h5 48. g3 Kf8 49. Rd7 Rd4 50. Ra7 f4 51. gxf4 Rxf4 52. Rd7 Rf3+ 53. Kg2 Rd3 54. Kf2 d5 55. Kg2 d4 0-1